Vývoj participatívnej demokracie: Komunitné organizovanie v postkomunistickom kontexte

Pojem komunitné organizovanie. Komunitné organizovanie politika. Komunitné organizovanie v USA a na Slovensku.

Guardado en:
Detalles Bibliográficos
Autor principal: Mezeiová, Gabriela
Otros Autores: Maldini, Pero
Formato: Capítulo de libro
Lenguaje:eslovaco
Materias:
Etiquetas: Agregar Etiqueta
Sin Etiquetas, Sea el primero en etiquetar este registro!

MARC

LEADER 00000naa a2200000 4500
001 0220805
005 20221019173639.2
041 0 |a slo 
044 |a SK 
245 1 0 |a Vývoj participatívnej demokracie: Komunitné organizovanie v postkomunistickom kontexte  |c Gabriela Mezeiová, Pero Maldini 
520 |a Pojem komunitné organizovanie. Komunitné organizovanie politika. Komunitné organizovanie v USA a na Slovensku. 
610 2 0 |a demokracia 
610 2 0 |a politika vnútorná 
610 2 0 |a Slovensko 
610 2 0 |a USA 
610 2 0 |a politika verejná 
100 1 |a Mezeiová, Gabriela 
700 1 |a Maldini, Pero